LEADER 01219nam0 22003011i 450 001 RML0314411 005 20231121125753.0 100 $a20121121d2008 ||||0itac50 ba 101 | $aita 102 $ait 181 1$6z01$ai $bxxxe 182 1$6z01$an 200 1 $a˜Il œprocedimento per decreto penale$edalla logica dell'accertamento sommario alla dinamica del giudizio$fStefano Ruggeri 210 $aTorino $cGiappichelli $d©2008 215 $aXI, 264 p.$d24 cm 225 | $aProcedura penale. Studi. - Torino $eGiappichelli 410 0$1001RML0331765$12001 $aProcedura penale. Studi. - Torino $eGiappichelli 606 $aProcesso penale$2FIR$3RMLC005785$9I 676 $a345.45$9$v21 700 1$aRuggeri$b, Stefano$3RMLV194437$0316291 801 3$aIT$bIT-01$c20121121 850 $aIT-FR0098 899 $aBiblioteca Area Giuridico Economica$bFR0098 912 $aRML0314411 950 0$aBiblioteca Area Giuridico Economica$d 53DGP GIA22 PP/27$e 53VM 0000849605 VM barcode:BAGE019177. - Inventario:158. - Fondo:Sala consultazioneVM$fA $h20100916$i20121204 977 $a 53 996 $aProcedimento per decreto penale$91125995 997 $aUNICAS